|
|
|
|
| LEADER |
00759nam a2200193 i 4500 |
| 001 |
acta88552 |
| 005 |
20250923125930.0 |
| 008 |
250922s2025 hu o 000 hun d |
| 020 |
|
|
|a 978-963-648-067-7
|
| 040 |
|
|
|a SZTE Egyetemi Kiadványok Repozitórium
|b hun
|
| 041 |
|
|
|a hun
|
| 100 |
1 |
|
|a Szabó Éva
|
| 245 |
1 |
2 |
|a A benyomáskeltés pragmatikai vizsgálata
|h [elektronikus dokumentum] /
|c Szabó Éva
|
| 260 |
|
|
|a Juhász Gyula Felsőoktatási Kiadó
|b Szeged
|c 2025
|
| 300 |
|
|
|a 176
|
| 650 |
|
4 |
|a Bölcsészettudományok
|
| 650 |
|
4 |
|a Nyelvek és irodalom
|
| 695 |
|
|
|a Pragmatika - nyelvészeti - tanulmányok, Nyelvtudomány - tanulmányok, Benyomáskeltés - tanulmányok
|
| 856 |
4 |
0 |
|u http://acta.bibl.u-szeged.hu/88552/1/benyomaskeltes_2025.pdf
|z Dokumentum-elérés
|